000
00336nam a2200145 a 4500
008
970530s1953||||xx 0 und c
040
_a
SNK
_b
slo
_c
SNK
_e
AACR2
100
1
_a
Hoza, Štefan
245
1
0
_a
Opera na Slovensku 1
260
_a
Martin
_b
Osveta
_c
1953
300
_a
333 s.
020
_c
7,20
041
_a
slo
044
_a
xo
_c
SK
999
_c
15121
_d
15121